Experiencia misionera, experiencia de inculturación eclesial (Record no. 863358)
[ view plain ]
| 000 -CABECERA | |
|---|---|
| Campo de control de longitud fija | 00466nab a2200145 4500 |
| 003 - IDENTIFICADOR DEL NÚMERO DE CONTROL | |
| Campo de control | ES-SlBCS |
| 005 - FECHA Y HORA DE LA ÚLTIMA TRANSACCIÓN | |
| Campo de control | 20210327231302.0 |
| 008 - CÓDIGOS DE INFORMACIÓN DE LONGITUD FIJA | |
| Campo de control de longitud fija | 170904s2017 ve ||||| |||| 00| 0 spa d |
| 040 ## - FUENTE DE LA CATALOGACIÓN | |
| Centro catalogador del origen | ES-SlBCS |
| Lengua de catalogación | spa |
| 100 1# - PUNTO DE ACCESO PRINCIPAL-NOMBRE DE PERSONA | |
| Nombre de persona | Odorico, Luciano |
| 9 (RLIN) | 22579 |
| 245 10 - MENCIÓN DE TÍTULO | |
| Título | Experiencia misionera, experiencia de inculturación eclesial |
| Mención de responsabilidad, etc. | Dr. Luciano Odorico SDB |
| 650 00 - PUNTO DE ACCESO ADICIONAL DE MATERIA-TÉRMINO DE MATERIA | |
| Término de materia o nombre geográfico como elemento inicial | Misiones |
| 9 (RLIN) | 14436 |
| 773 0# - ENLACE AL DOCUMENTO FUENTE | |
| Parte(s) relacionada(s) | Vol. 28, Nº 72, 2017, págs. 49-62 |
| Título | Iter |
| Número de control del registro relacionado | Rev385 |
| Número Internacional Normalizado para Publicaciones Seriadas (ISSN) | 0798-1236 |
| 942 ## - ENTRADA DE ELEMENTOS AGREGADOS (KOHA) | |
| Fuente de clasificaión o esquema | |
| Koha [por defecto] tipo de item | Artículos de revista |
| Suprimido | Perdido | Fuente de clasificación o esquema | Estropeado | No para préstamo | Localización permanente | Localización actual | Localización en estantería | Fecha adquisición | Préstamos totales | Fecha última consulta | Fecha del precio de reemplazo | Tipo de item de Koha |
|---|---|---|---|---|---|---|---|---|---|---|---|---|
| San Esteban | San Esteban | Depósito de revistas | 04/09/2017 | 04/09/2017 | 04/09/2017 | Artículos de revista |
